| 000 | 00640nam a2200217 u 4500 | ||
|---|---|---|---|
| 005 | 20220915064113.0 | ||
| 008 | 131008s2010 r 000 0 eng d | ||
| 020 | _a9788408088783 | ||
| 035 | _aUPN01000193591 | ||
| 049 | _aCG | ||
| 050 | 4 |
_aPQ6663 O4 _bU8.9 |
|
| 100 | 1 |
_aMolina Llorente, Pilar, _d1943- _931977 |
|
| 245 | 1 | 0 |
_aUt y las estrellas / _cPilar Molina Llorente. |
| 260 |
_aBarcelona, Esp. : _bPlanetalector, _c2010. |
||
| 300 | _a168 p. | ||
| 440 | 0 |
_aCuatrovientos. _pA partir de 12 años |
|
| 650 | 0 |
_aLiteratura juvenil española _912359 |
|
| 650 | 0 |
_aViolencia _vNovela _921236 |
|
| 905 | _aLibro | ||
| 999 |
_c165692 _d165692 |
||